| 000 | 01003nam a22002297a 4500 | ||
|---|---|---|---|
| 003 | SEM | ||
| 005 | 20220608072341.0 | ||
| 008 | 180119b xxu||||| |||| 00| 0 eng d | ||
| 020 | _a0916431266 | ||
| 040 |
_aՍԷՄ _cՍԷՄ |
||
| 041 | 0 | _aeng. | |
| 080 | _a947.925(K)/K-21 | ||
| 245 | 0 | 4 |
_aThe Karabakh file. _bDocuments and facts on the region of Mountainous Karabagh 1918-1988. / _cEdt.: G. Libaridian; Zoryan Institute for contemporary armenian research and documentation |
| 260 |
_aCambridge: _aToronto: _b Zoryan Institute for Contemporary Armenian Research & Documentation, _c1988. |
||
| 300 |
_aXXVIII+171 p.; _c28 cm. |
||
| 500 | _a[History and politics - To 1917. Revolution, republic and civil war. Sovietization. From stalinism to the brezhnev era.] | ||
| 504 | _aAppendix p.: 167-171. | ||
| 650 |
_aNagorno-Karabakh _xHistory _y20th century |
||
| 700 | 1 |
_aLibaridian Gerard _4edt. |
|
| 710 | 2 | _a Zoryan Institute for Contemporary Armenian Research & Documentation, | |
| 942 |
_2udc _cBK |
||
| 999 |
_c54466 _d54466 |
||